000 00703nam a2200193 a 4500
001 BRCA_9018
005 20190320210509.0
008 200717s--------gw-b######---#000-0#ger-#
041 _ager
044 _agw
084 _aLM40
_b.S75
100 1 _aStieler, Adolf
_922364
245 1 0 _aHand-Atlas über alle theile der erde und über das weltgebäude
_bnach dem neuesten zustande
_cherausgegeben, und mit Herrn Hofrath C.G. Reichard; gemeinschaftlich augearbeitet, von Adolf Stieler.
260 _aGotha
_bbei Justus Perthes
_bil. mapas
_c35.5 x 23.5 cm
500 _aEstado físico: presenta encuadernación en piel y deteriorada
650 1 4 _aAtlas
_zAlemania
_922365
902 _aCFM
942 _2lcc
_cB
999 _c8669
_d8669